=LDR 00000nam 2200000 4500 =001 INLIS000000000026356 =005 20130612124813 =008 ***********************************ind** =035 ##$$0010-061300000026356 =041 ##$$a ind =082 ##$$a 820.9 =090 ##$$a 820.9, HAS d =100 ##$$a Hassan, M. Zein =245 ##$$a Diplomasi Revolusi Indonesia di luar negeri, M. Zein Hassan, Lc. Lt =260 ##$$a 1981 $b Jakarta =300 ##$$a 296 hlm., ilus., 21 cm =650 ##$$a Politik Indonesia =850 ##$$a NBPNMAT